UM Logo

Nursing management towards quality care/ (Record no. 2625)

MARC details
000 -LEADER
fixed length control field 00614nam a2200181 4500
008 - FIXED-LENGTH DATA ELEMENTS--GENERAL INFORMATION
fixed length control field 160430b xxu||||| |||| 00| 0 eng d
020 ## - INTERNATIONAL STANDARD BOOK NUMBER
International Standard Book Number 9715843514
082 ## - DEWEY DECIMAL CLASSIFICATION NUMBER
Edition number 2003
Classification number DFil 362.173068
Item number V56n
100 ## - MAIN ENTRY--PERSONAL NAME
9 (RLIN) 7090
Personal name Venzon, Lydia M.
245 ## - TITLE STATEMENT
Title Nursing management towards quality care/
Statement of responsibility, etc. Lydia M. Venzon.
250 ## - EDITION STATEMENT
Edition statement Second Edition
260 ## - PUBLICATION, DISTRIBUTION, ETC. (IMPRINT)
Place of publication, distribution, etc. Quezon City:
Name of publisher, distributor, etc. C & E Publishing,
Date of publication, distribution, etc. c2003.
300 ## - PHYSICAL DESCRIPTION
Extent 311 pages:
Other physical details illustrations;
Dimensions 22 cm.
500 ## - GENERAL NOTE
General note Includes bibliographical references, appendices and index.
650 #0 - SUBJECT ADDED ENTRY--TOPICAL TERM
9 (RLIN) 7092
Topical term or geographic name as entry element Nursing services
General subdivision Management
365 ## - TRADE PRICE
Price amount 325.00
Currency code Php
942 ## - ADDED ENTRY ELEMENTS (KOHA)
Source of classification or shelving scheme Dewey Decimal Classification
Koha item type Filipiniana
Holdings
Withdrawn status Lost status Source of classification or shelving scheme Damaged status Not for loan Collection code Home library Current library Date acquired Source of acquisition Total Checkouts Full call number Barcode Date last seen Copy number Price effective from Koha item type
    Dewey Decimal Classification     Filipiniana UM Digos College - LIC UM Digos College - LIC 09/28/2006 Purchased   DFil 362.173068 V56n 2003 18766 05/15/2025 1 05/21/2016 Filipiniana
    Dewey Decimal Classification     Filipiniana UM Digos College - LIC UM Digos College - LIC 09/28/2006 Purchased   DFil 362.173068 V56n 2003 18767 06/08/2021 2 05/21/2016 Filipiniana